| 000 | 00775nam a2200217Ia 4500 | ||
|---|---|---|---|
| 005 | 20240530104824.0 | ||
| 008 | 140319s1985 xx 000 0 ara d | ||
| 040 |
_aGCL / _cGCL |
||
| 082 | 0 | 4 |
_a811.082 / _bع ا |
| 100 | 1 | _aعمر الدقاق | |
| 245 | 1 | 0 |
_aالاتجاه القومى فى الشعرالعربى المعاصر / _cعمر الدقاق |
| 260 |
_aبيروت : _bدار الشرق العربى ، _c1985 |
||
| 300 |
_a583 ص؛ _b24 سم |
||
| 490 |
_aالهيئة العامة للاستعلامات _v0 |
||
| 650 | 0 | 4 | _aالشعر العربى |
| 650 | 0 | 4 | _aالادب العربى |
| 650 | 0 | 4 | _aالشعر القومى |
| 650 | 0 | 4 | _aالشعر العربى - العصر الحديث |
| 942 |
_2ddc _cBK |
||
| 999 |
_c50950 _d50950 |
||